La Gestió del residus sòlids a la Mancomunitat Intermunicipal de la Garrotxa / J. Cardelús ... [et al.]
Descripción Física:
2 v. ; 29 cm
Colección:
Estudis i monografies ; 4 i 5
MARC
| LEADER | 00000nam a2200000Ia 4500 | ||
|---|---|---|---|
| 001 | 1945, 1946 | ||
| 008 | 160829s1980 xx 000 0 cat d | ||
| 080 | |a C-1-64, C-1-65 | ||
| 245 | |a La Gestió del residus sòlids a la Mancomunitat Intermunicipal de la Garrotxa / J. Cardelús ... [et al.] | ||
| 260 | |a Barcelona : |b Diputació de Barcelona. Servei del Medi Ambient, |c 1980 | ||
| 300 | |a 2 v. ; |c 29 cm | ||
| 490 | |a Estudis i monografies ; 4 i 5 | ||
| 590 | |a Conté: v. 1: Estudis previs, situació i alternatives; v. 2: Informació cartogràfica | ||
| 650 | |a Residus |x Eliminació |x Garrotxa |9 28008 | ||
| 650 | |a Reciclatge (Residus, etc.) |x Garrotxa |9 28009 | ||
| 710 | 1 | |a Barcelona (Catalunya : Província). |b Servei de Medi Ambient |9 53475 | |
| 901 | |a Arxiu | ||
| 942 | |n 1 | ||
| 952 | |0 0 |1 0 |4 0 |6 C164_C165 |7 1 |9 44633 |a Arxiu |b Arxiu |d 2016-12-01 |l 0 |o C-1-64, C-1-65 |p 1945, 1946 |r 2016-12-01 00:00:00 |w 2016-12-01 |y ARXIU | ||
| 999 | |c 47214 |d 47214 | ||